Microeconomics principles,problems and policies

Bibliographic Details
Main Author: McConnell, Campbell R
Other Authors: Brue, Stanley L
Format: Book
Published: New York : McGraw-Hill , 1993
Subjects:

MARC

LEADER 00000cam a2200000 7i4500
001 0000004377
002 000004705
005 20030213.0
020 |a 0070456178 
090 0 0 |a 338.5   |b MCC 
100 1 |a McConnell, Campbell R 
245 1 0 |a Microeconomics principles,problems and policies   |c Canpbell R.McCormell and Stauley L.Brue 
260 |a New York :   |b McGraw-Hill ,   |c 1993 
300 |a 486p. ;   |c 26cm. 
650 0 0 |a Microeconomics 
700 0 |a Brue, Stanley L 
999 |a 032911   |b BUKU   |c PINJAMAN   |e PERPUSTAKAAN KOMUNITI PETALING JAYA